MARC details
| 000 -CABECERA |
| campo de control de longitud fija |
01495nam a2200361 i 4500 |
| 001 - NÚMERO DE CONTROL |
| campo de control |
000041333 |
| 003 - IDENTIFICADOR DEL NÚMERO DE CONTROL |
| campo de control |
DO-SdBNP |
| 005 - FECHA Y HORA DE LA ÚLTIMA TRANSACCIÓN |
| campo de control |
20240731082000.0 |
| 006 - CÓDIGOS DE INFORMACIÓN DE LONGITUD FIJA--CARACTERÍSTICAS DEL MATERIAL ADICIONAL |
| campo de control de longitud fija |
a||||gr|||| 00| 0 |
| 007 - CAMPO FIJO DE DESCRIPCIÓN FÍSICA--INFORMACIÓN GENERAL |
| campo de control de longitud fija |
ta |
| 008 - DATOS DE LONGITUD FIJA--INFORMACIÓN GENERAL |
| campo de control de longitud fija |
130930e1992 sp ad d 000 0 spa d |
| 020 ## - NÚMERO INTERNACIONAL ESTÁNDAR DEL LIBRO |
| Número Internacional Estándar del Libro |
840007274X |
| 040 ## - FUENTE DE LA CATALOGACIÓN |
| Centro catalogador/agencia de origen |
DO-SdBNP |
| Lengua de catalogación |
spa |
| Centro/agencia transcriptor |
BNPHU |
| Normas de descripción |
rda |
| 082 #4 - NÚMERO DE LA CLASIFICACIÓN DECIMAL DEWEY |
| Número de edición |
22 |
| Número de documento/Ítem |
R788d |
| 100 1# - ENTRADA PRINCIPAL--NOMBRE DE PERSONA |
| Nombre de persona |
Rosal, Francisco del |
| 9 (RLIN) |
67975 |
| Fechas asociadas al nombre |
1513-1613 |
| Término indicativo de función/relación |
autor |
| 245 10 - MENCIÓN DE TÍTULO |
| Título |
Diccionario Etimológico / |
| Mención de responsabilidad, etc. |
Francisco del Rosal; edición facsimilar y estudio, Enríque Gómez Aguado. |
| 250 ## - MENCIÓN DE EDICIÓN |
| Mención de edición |
facsimilar. |
| 264 ## - PRODUCCIÓN, PUBLICACIÓN, DISTRIBUCIÓN, FABRICACIÓN Y COPYRIGHT |
| Producción, publicación, distribución, fabricación y copyright |
Madrid, España : |
| Nombre del de productor, editor, distribuidor, fabricante |
Consejo Superior de Invesigaciones Científicas, |
| Fecha de producción, publicación, distribución, fabricación o copyright |
1992 |
| 300 ## - DESCRIPCIÓN FÍSICA |
| Extensión |
621 páginas ; |
| Otras características físicas |
ilustraciones, facsímil, gráficas ; |
| Dimensiones |
25 cm. |
| 336 ## - TIPO DE CONTENIDO |
| Fuente |
rdacontent |
| Término de tipo de contenido |
texto |
| Código de tipo de contenido |
txt |
| 337 ## - TIPO DE MEDIO |
| Fuente |
rdamedia |
| Nombre/término del tipo de medio |
sin mediación |
| Código del tipo de medio |
n |
| 338 ## - TIPO DE SOPORTE |
| Fuente |
rdacarrier |
| Nombre/término del tipo de soporte |
volumen |
| Código del tipo de soporte |
nc |
| 490 ## - MENCIÓN DE SERIE |
| Mención de serie |
Biblioteca de Filología Hispánica ; |
| Designación de volumen o secuencia |
10 |
| 500 ## - NOTA GENERAL |
| Nota general |
Alfabeto primero de Origen y Etimología de todos los vocablos originales de la Lengua Castellana. |
| 501 ## - NOTA DE "CON" |
| Nota de “Con” |
Incluye bibliografía y notas al pie de páginas. |
| 590 ## - NOTA LOCAL (RLIN) |
| Nota local |
Inventariado 2024 / MF |
| 600 14 - PUNTO DE ACCESO ADICIONAL DE MATERIA--NOMBRE DE PERSONA |
| Nombre de persona |
Gómez Aguado, Enríque |
| 9 (RLIN) |
86173 |
| 650 #4 - PUNTO DE ACCESO ADICIONAL DE MATERIA--TÉRMINO DE MATERIA |
| Término de materia o nombre geográfico como elemento de entrada |
Diccionarios Etimológico |
| 9 (RLIN) |
86130 |
| 650 #0 - PUNTO DE ACCESO ADICIONAL DE MATERIA--TÉRMINO DE MATERIA |
| Término de materia o nombre geográfico como elemento de entrada |
Enciclopedias y diccionarios |
| 9 (RLIN) |
2045 |
| 700 1# - PUNTO DE ACCESO ADICIONAL--NOMBRE DE PERSONA |
| Nombre de persona |
Gómez Aguado, Enríque, |
| 9 (RLIN) |
86173 |
| Término indicativo de función/relación |
facsimilar |
| 942 ## - ELEMENTOS DE PUNTO DE ACCESO ADICIONAL (KOHA) |
| Fuente del sistema de clasificación o colocación |
Dewey Decimal Classification |
| Tipo de ítem Koha |
Libro |